000 01012cab a2200289 4500
001 ABS45395
008 090401t1991 xxu||||| |||| 00| 0 eng d
035 _a(Sirsi) u52689
041 _aeng
100 _aCarnell, N.J.
245 _aWharf Properties v Eric Cumine Associates: the effect on rolled-up claims
260 _c1991
350 _a0
490 _aConstruction Law Journal
_v7 (4) 1991, 303-309(7)
520 _aAnalyses the effect the Hong Kong decision, "Wharf Properties v Eric Cumine Associates" will have on loss and expense claims. Refers to earlier case law: "Crosby v Portland" and "Leach v Merton".
650 _aCONTRACT CLAIMS
650 _aGLOBAL CLAIMS
650 _aCROSBY V PORTLAND
650 _aLEACH V MERTON LBC
650 _aLOSS AND EXPENSE CLAIMS
650 _aROLLED UP CLAIMS
650 _aVARIATIONS
650 _aWHARF PROPERTIES LTD V ERIC CUMINE ASSOCIATES
690 _aBUILT ENVIRONMENT-BUILDING CONTRACT FORMS
942 _n0
948 _c04/03/1997
999 _c32560
_d32560